| 000 | 00685cam a22002294a 4500 | ||
|---|---|---|---|
| 001 | 13443853 | ||
| 003 | PILC | ||
| 005 | 20151027144035.0 | ||
| 008 | 031224s2005 nyua b 001 0 eng | ||
| 010 | _a 2003028002 | ||
| 020 | _a9780689712296 | ||
| 040 |
_aDLC _cDLC _dDLC |
||
| 042 |
_apcc _alcac |
||
| 050 | 0 | 0 |
_aGB 401.5 _b.B885 2005 |
| 082 | 0 | 0 |
_aREF 910.02 _bG51 2005 |
| 245 | 1 | 0 |
_aNatural wonders of america _cDavid M. Brownstone and Irene Franck. |
| 260 |
_aChina : _bEagle Edition Limited, _c1989 |
||
| 300 |
_a53 p. _bcol. ill. ; _c28 cm. |
||
| 856 | 4 | 1 |
_3Table of contents _uhttp://www.loc.gov/catdir/toc/ecip0414/2003028002.html |
| 942 |
_2lcc _cBK |
||
| 999 |
_c11909 _d11909 |
||